Score 0/26 Timer 04:00
0 Plays Today
% Correct
The Simpsons
85.9%
Game of Thrones
82.2%
The Jetsons
81.4%
The Fresh Prince of Bel-Air
75.1%
Modern Family
74.5%
Family Ties
69.5%
Home Improvement
67.4%
The Smurfs
66.7%
Pokémon
64.8%
NYPD Blue
59.5%
Parks and Recreation
54.3%
Bonanza
54.3%
Community
51.5%
% Correct
Futurama
46.4%
Beverly Hills, 90210
46.2%
NCIS
45.4%
The King of Queens
42%
Grey's Anatomy
39.8%
Doctor Who
37.8%
The Good Wife
37.5%
Pretty Little Liars
33.8%
Dexter
33.1%
Quantum Leap
30.3%
True Blood
30.3%
Wings
27.2%
Workaholics
21.4%
Remove Ads.
Support Sporcle.
Get the best of Sporcle when you Go Orange. This ad-free experience offers more features, more stats, and more fun while also helping to support Sporcle. Thank you for becoming a member.

You're not logged in!

Compare scores with friends on all Sporcle quizzes.
OR
Log In

Show Comments

Extras

Top Quizzes Today


Score Distribution

Your Account Isn't Verified!

In order to create a playlist on Sporcle, you need to verify the email address you used during registration. Go to your Sporcle Settings to finish the process.

Report this User

Report this user for behavior that violates our Community Guidelines.

Details: